LEADER 00446nab a2200145 i 4500 001 000000309350 003 CaOOAMICUS 005 20180831172952.0 008 180831n xx uu u0 0und r 013 $a18443 040 $aSeMil$bita 100 1 $aAlbertario, Davide,$c.$0(OLS)http://semarc/name/14608 245 12$aL?Enciclica. 773 0 $t[Luglio-Dicembre].$g483-492$w()273828 996 $6245$aL?Enciclica$9(OLS)http://semarc/title/384418 LEADER 00489naa a2200133 i 4500 001 000000329319 003 CaOOAMICUS 005 20180831173618.0 008 180831n it u000 u ita u 013 $a40972 040 $aSeMil$bita 245 14$aUna sapiente fragilità. 773 0 $aAlbanesi, Vinicio$tPassioni.$dMilano : Paoline, 2008.$kScritture : percorsi critici attorno al testo biblico$z978-88-315-3482-6$gp.139-141$w()178199 996 $6245$aUna sapiente fragilità$9(OLS)http://semarc/title/417823